[Event "Timbo U2400 op"]
[Site "Timbo"]
[Date "2025.02.15"]
[Round "4"]
[White "Goncalves, Davi Augusto"]
[Black "Rapouso, Ricardo Luis Borba"]
[Result "1/2-1/2"]
[WhiteElo "1870"]
[BlackElo "1956"]
[PlyCount "34"]
[EventDate "2025.02.14"]
[EventType "swiss"]
[EventRounds "6"]
[EventCountry "BRA"]
[SourceTitle "CB10_2025"]
[SourceDate "2025.03.05"]
[SourceVersion "1"]
[SourceVersionDate "2025.03.05"]
[SourceQuality "1"]

1. e4 c5 2. Nf3 g6 3. c4 Bg7 4. d4 cxd4 5. Nxd4 Nf6 6. Nc3 0-0 7. Be3 Nc6 8. Be2 d6 9. 0-0 Nxd4 10. Bxd4 Bd7 11. Qd3 Bc6 12. Rac1 a5 13. Nd5 Nd7 14. f4 Nc5 15. Qe3 Bxd4 16. Qxd4 Nxe4 17. Qxe4 e6 1/2-1/2

[Event "Pan American-ch U2000"]
[Site "Balneario Camboriu"]
[Date "2024.09.28"]
[Round "6"]
[White "Rapouso, Ricardo Luis Borba"]
[Black "Abdalla, Umar Mohammad"]
[Result "1-0"]
[WhiteElo "1975"]
[BlackElo "1600"]
[PlyCount "89"]
[EventDate "2024.09.24"]
[EventType "swiss"]
[EventRounds "9"]
[EventCountry "BRA"]
[SourceTitle "EXT 2025"]
[Source "ChessBase"]
[SourceDate "2024.10.14"]
[SourceVersion "1"]
[SourceVersionDate "2024.10.14"]
[SourceQuality "1"]

1. d4 d5 2. c4 e6 3. Nc3 Bb4 4. Qb3 Bxc3+ 5. Qxc3 h6 6. Bf4 Nc6 7. e3 Nf6 8. Nf3 0-0 9. Rc1 Ne4 10. Qc2 Bd7 11. a3 Rc8 12. Bd3 Nf6 13. h3 Nh5 14. Bh2 f5 15. Qe2 Nf6 16. 0-0 Ne4 17. b4 Ne7 18. c5 c6 19. Ne5 Be8 20. f3 Nf6 21. a4 Ng6 22. g4 Nxe5 23. Bxe5 Bg6 24. b5 Qd7 25. Qc2 Bh7 26. Bxf6 Rxf6 27. Rf2 g5 28. f4 fxg4 29. Bxh7+ Qxh7 30. Qxh7+ Kxh7 31. hxg4 Rcf8 32. Rcf1 Kg6 33. Kg2 R6f7 34. Kg3 Rf6 35. Rh1 R6f7 36. Rfh2 Rh7 37. fxg5 Kxg5 38. Rh5+ Kg6 39. g5 Rfh8 40. Rxh6+ Rxh6 41. Rxh6+ Rxh6 42. gxh6 Kxh6 43. Kf4 Kg6 44. Ke5 Kf7 45. Kd6 1-0

[Event "Blumenau U2400 op"]
[Site "Blumenau"]
[Date "2024.09.01"]
[Round "6"]
[White "Rapouso, Ricardo Luis Borba"]
[Black "Venter, Paulo Regis"]
[Result "1-0"]
[WhiteElo "1975"]
[BlackElo "1699"]
[PlyCount "55"]
[EventDate "2024.08.30"]
[EventType "swiss"]
[EventRounds "6"]
[EventCountry "BRA"]
[SourceTitle "EXT 2025"]
[Source "ChessBase"]
[SourceDate "2024.10.14"]
[SourceVersion "1"]
[SourceVersionDate "2024.10.14"]
[SourceQuality "1"]

1. Nf3 d5 2. d4 Nf6 3. c4 e6 4. Nc3 c6 5. e3 Be7 6. Bd3 0-0 7. 0-0 Nbd7 8. e4 dxe4 9. Nxe4 Re8 10. a3 Qc7 11. Re1 Nf8 12. Ne5 Nxe4 13. Bxe4 f6 14. Qh5 Qd8 15. Qf7+ Kh8 16. Bxh7 Kxh7 17. Re3 fxe5 18. Rh3+ Bh4 19. Qh5+ Kg8 20. Rxh4 Bd7 21. Bg5 Qb6 22. dxe5 Qxb2 23. Re1 Qc2 24. Qh8+ Kf7 25. Rf4+ Kg6 26. Bf6 gxf6 27. Rxf6+ Kg5 28. Qh6+ 1-0

[Event "Sao Bento do Sul U2050 Etapa 3a"]
[Site "Sao Bento do Sul"]
[Date "2017.11.19"]
[Round "5.3"]
[White "Salvadego, Matheus Henrique De"]
[Black "Rapouso, Ricardo Luis Borba"]
[Result "1/2-1/2"]
[WhiteElo "1638"]
[BlackElo "2010"]
[PlyCount "103"]
[EventDate "2017.11.17"]
[EventType "swiss"]
[EventRounds "6"]
[EventCountry "BRA"]
[SourceTitle "EXT 2022"]
[Source "ChessBase"]
[SourceDate "2021.10.06"]
[SourceVersion "1"]
[SourceVersionDate "2021.10.06"]
[SourceQuality "1"]

1. d4 Nf6 2. c4 e6 3. Nc3 c5 4. d5 exd5 5. cxd5 d6 6. e4 g6 7. Bc4 Bg7 8. Nf3 0-0 9. 0-0 Nbd7 10. h3 a6 11. a4 Ne5 12. Nxe5 dxe5 13. a5 Ne8 14. Be3 Nd6 15. b3 Qc7 16. f3 Bd7 17. Qd2 f5 18. Rfc1 fxe4 19. Nxe4 Nxe4 20. fxe4 Qd6 21. Be2 Rac8 22. Rc2 Rf4 23. Bxf4 exf4 24. Rac1 Bd4+ 25. Kh1 Be3 26. Qc3 Re8 27. Bf3 g5 28. g4 h5 29. Rd1 Re7 30. Rh2 h4 31. Rb1 Bb5 32. b4 Bd4 33. Qd2 Qe5 34. bxc5 Bxc5 35. Rd1 Ba4 36. Rc1 Be3 37. Rc8+ Kg7 38. Qb2 Bd4 39. Qa2 Bb5 40. Qc2 Qxd5 41. Rc7 Qe5 42. Rxe7+ Qxe7 43. Rd2 Qe5 44. Qa2 Bc6 45. Qc4 Be3 46. Ra2 Qd6 47. Qc2 Qe5 48. Qc4 Bd4 49. Rd2 Be3 50. Ra2 Bd4 51. Rd2 Be3 52. Ra2 1/2-1/2

[Event "Sao Bento do Sul U2050 Etapa 3a"]
[Site "Sao Bento do Sul"]
[Date "2017.11.18"]
[Round "4.3"]
[White "Rapouso, Ricardo Luis Borba"]
[Black "Mendes, Rodrigo Machado"]
[Result "1/2-1/2"]
[WhiteElo "2010"]
[BlackElo "1996"]
[PlyCount "101"]
[EventDate "2017.11.17"]
[EventType "swiss"]
[EventRounds "6"]
[EventCountry "BRA"]
[SourceTitle "EXT 2022"]
[Source "ChessBase"]
[SourceDate "2021.10.06"]
[SourceVersion "1"]
[SourceVersionDate "2021.10.06"]
[SourceQuality "1"]

1. d4 Nf6 2. c4 e6 3. Nf3 b6 4. a3 Bb7 5. Nc3 Be7 6. d5 0-0 7. e4 exd5 8. cxd5 d6 9. Be2 Nbd7 10. 0-0 a5 11. Nd4 Nc5 12. Qc2 h6 13. Be3 Re8 14. Bb5 Ncd7 15. h3 Nh7 16. Nc6 Bxc6 17. Bxc6 Rb8 18. Qa4 Nhf8 19. Bd4 Qc8 20. f4 Rd8 21. b4 axb4 22. axb4 Bf6 23. Nb5 Bxd4+ 24. Nxd4 Nf6 25. Rfe1 Ng6 26. Qa2 Ne7 27. b5 Nxc6 28. Nxc6 Ra8 29. Qc4 Re8 30. e5 Nd7 31. exd6 cxd6 32. Ne7+ Rxe7 33. Qxc8+ Rxc8 34. Rxe7 Nf6 35. Rd1 Rc5 36. Rb7 Rxb5 37. Rb8+ Kh7 38. Re1 Nxd5 39. Rd1 Nc3 40. Rxd6 Ne2+ 41. Kf1 Nxf4 42. Rb7 Kg8 43. Rdd7 Rb2 44. Rd8+ Kh7 45. Rxf7 Ne6 46. Re8 Kg6 47. Rf2 Rxf2+ 48. Kxf2 Nf4 49. Kg3 Nh5+ 50. Kf3 Nf6 51. Re6 1/2-1/2

[Event "Sao Bento do Sul op 06"]
[Site "Sao Bento do Sul"]
[Date "2017.06.10"]
[Round "3"]
[White "Rapouso, Ricardo Luis Borba"]
[Black "De Oliveira, Gustavo Alfredo Bue"]
[Result "1-0"]
[WhiteElo "1990"]
[BlackElo "1868"]
[PlyCount "87"]
[EventDate "2017.06.09"]
[EventType "swiss"]
[EventRounds "6"]
[EventCountry "BRA"]
[SourceTitle "EXT 2019"]
[Source "ChessBase"]
[SourceDate "2018.10.10"]
[SourceVersion "1"]
[SourceVersionDate "2018.10.10"]
[SourceQuality "1"]

1. d4 Nf6 2. c4 e6 3. Nf3 d5 4. Nc3 Be7 5. Bf4 0-0 6. e3 a6 7. c5 Nh5 8. Bg3 Nxg3 9. hxg3 Nd7 10. Bd3 g6 11. b4 c6 12. 0-0 Bf6 13. Rc1 Re8 14. e4 dxe4 15. Nxe4 Be7 16. Ne5 Nf6 17. Qf3 Rf8 18. Nxf6+ Bxf6 19. Rfe1 Bg5 20. Rc4 Qc7 21. Qg4 f6 22. f4 Bh6 23. Qh4 fxe5 24. Qxh6 exf4 25. Rf1 Qg7 26. Qxg7+ Kxg7 27. gxf4 Bd7 28. Be4 Rad8 29. Rc2 Be8 30. Rd2 h6 31. a4 Rf7 32. g3 g5 33. fxg5 hxg5 34. Rxf7+ Bxf7 35. Kf2 e5 36. Ke3 exd4+ 37. Rxd4 Rxd4 38. Kxd4 Bb3 39. Ke5 Bxa4 40. Kd6 Kf6 41. Bf3 Bb5 42. Kc7 Ke7 43. Bg4 Ba4 44. Bc8 1-0

[Event "Curitiba IEP&Copel op"]
[Site "Curitiba"]
[Date "2017.05.14"]
[Round "5"]
[White "Rapouso, Ricardo Luis Borba"]
[Black "Da Silva, Joao Carlos Orguim"]
[Result "1-0"]
[WhiteElo "2011"]
[BlackElo "1760"]
[PlyCount "101"]
[EventDate "2017.05.12"]
[EventType "swiss"]
[EventRounds "6"]
[EventCountry "BRA"]
[SourceTitle "CBM 178 Extra"]
[Source "ChessBase"]
[SourceDate "2017.06.22"]
[SourceVersion "1"]
[SourceVersionDate "2017.06.22"]
[SourceQuality "1"]

1. d4 d5 2. c4 Nf6 3. Nc3 e6 4. Nf3 a6 5. c5 c6 6. Bf4 Nbd7 7. e3 Nh5 8. Bd3 Nxf4 9. exf4 g6 10. 0-0 Bg7 11. Re1 0-0 12. b4 Re8 13. Qc2 Nf8 14. a4 Bd7 15. g3 b5 16. Ra2 Qb8 17. Rea1 Qb7 18. axb5 axb5 19. Ne2 Reb8 20. Nc1 Bf6 21. Nb3 Bd8 22. h4 Rxa2 23. Qxa2 Be8 24. Kg2 Nd7 25. Ne5 Nxe5 26. dxe5 Rc8 27. Nd4 Kf8 28. h5 Ke7 29. Be2 Kd7 30. Qb2 Kc7 31. hxg6 hxg6 32. Qa3 Kb8 33. g4 Rc7 34. f5 gxf5 35. gxf5 Re7 36. f6 Rc7 37. f4 Bd7 38. Kf2 Kc8 39. Bh5 Be8 40. f5 exf5 41. Nxf5 Rd7 42. Ng7 Bc7 43. e6 fxe6 44. Bxe8 Be5 45. Qa8+ Qxa8 46. Rxa8+ Kb7 47. Bxd7 Kxa8 48. Bxc6+ Kb8 49. Ne8 Bd4+ 50. Ke2 Bxc5 51. bxc5 1-0

[Event "Curitiba IEP&Copel op"]
[Site "Curitiba"]
[Date "2017.05.14"]
[Round "6"]
[White "Yoshioka, Andre"]
[Black "Rapouso, Ricardo Luis Borba"]
[Result "1-0"]
[WhiteElo "1901"]
[BlackElo "2011"]
[PlyCount "49"]
[EventDate "2017.05.12"]
[EventType "swiss"]
[EventRounds "6"]
[EventCountry "BRA"]
[SourceTitle "CBM 178 Extra"]
[Source "ChessBase"]
[SourceDate "2017.06.22"]
[SourceVersion "1"]
[SourceVersionDate "2017.06.22"]
[SourceQuality "1"]

1. d4 c5 2. d5 e5 3. e4 d6 4. c4 Be7 5. Nc3 Bg5 6. Bxg5 Qxg5 7. Nf3 Qe7 8. Be2 Nh6 9. 0-0 0-0 10. a3 Na6 11. Nd2 f5 12. exf5 Bxf5 13. Nde4 Rad8 14. Bd3 Qh4 15. f3 Bg6 16. Qe1 Qe7 17. Qd2 b6 18. Rad1 Nf5 19. Ng5 Nc7 20. f4 Nh4 21. Bxg6 Nxg6 22. f5 h6 23. Ne6 Nxe6 24. dxe6 Nf4 25. Rxf4 1-0

[Event "Sao Bento do Sul U2050 2nd"]
[Site "Sao Bento do Sul"]
[Date "2016.09.17"]
[Round "4.5"]
[White "Rapouso, Ricardo Luis Borba"]
[Black "Zimmermann, Kleber Renato P"]
[Result "1/2-1/2"]
[WhiteElo "2002"]
[BlackElo "1919"]
[PlyCount "52"]
[EventDate "2016.09.16"]
[EventType "swiss"]
[EventRounds "7"]
[EventCountry "BRA"]
[SourceTitle "EXT 2022"]
[Source "ChessBase"]
[SourceDate "2021.10.06"]
[SourceVersion "1"]
[SourceVersionDate "2021.10.06"]
[SourceQuality "1"]

1. d4 Nf6 2. c4 c5 3. d5 e6 4. Nc3 exd5 5. cxd5 d6 6. Nf3 g6 7. Bf4 Bg7 8. Qa4+ Bd7 9. Qb3 Qc7 10. e4 0-0 11. e5 dxe5 12. Bxe5 Re8 13. Be2 Qb6 14. 0-0 Qxb3 15. axb3 Bg4 16. Bb5 Nbd7 17. Rfe1 a6 18. Bxf6 Rxe1+ 19. Nxe1 Nxf6 20. f3 Rd8 21. Bd3 Bc8 22. Be4 Nxe4 23. fxe4 f5 24. exf5 Bxc3 25. bxc3 Rxd5 26. fxg6 hxg6 1/2-1/2

[Event "Florianopolis Winter U220 op"]
[Site "Florianopolis"]
[Date "2016.08.20"]
[Round "5"]
[White "Kanzler, Karina Daniela Ferr"]
[Black "Rapouso, Ricardo Luis Borba"]
[Result "0-1"]
[WhiteElo "1824"]
[BlackElo "1978"]
[PlyCount "63"]
[EventDate "2016.08.19"]
[EventType "swiss"]
[EventRounds "7"]
[EventCountry "BRA"]
[SourceTitle "CBM 174 Extra"]
[Source "ChessBase"]
[SourceDate "2016.10.10"]
[SourceVersion "1"]
[SourceVersionDate "2016.10.10"]
[SourceQuality "1"]

1. b3 e5 2. Bb2 Nc6 3. Nf3 e4 4. Nd4 Nf6 5. e3 Bc5 6. Nf5 0-0 7. Nxg7 Kxg7 8. Qg4+ Kh8 9. Qxe4 d5 10. Qh4 d4 11. Bd3 Rg8 12. h3 Rxg2 13. Kf1 Rg7 14. a3 Qd5 15. Rg1 Qh5 16. Qxh5 Rxg1+ 17. Kxg1 Nxh5 18. b4 Bb6 19. b5 Ne7 20. Kh2 Bf5 21. Bc4 Kg8 22. exd4 Rd8 23. c3 c5 24. dxc5 Bxc5 25. d4 Bd6+ 26. Kg2 Nf4+ 27. Kf3 Bxh3 28. Nd2 h5 29. Rg1+ Bg4+ 30. Ke4 Re8 31. Nf3 Ned5+ 32. Ne5 0-1

[Event "BRA-ch Amateur U2000"]
[Site "Sao Paulo"]
[Date "2016.05.29"]
[Round "7"]
[White "Rapouso, Ricardo Luis Borba"]
[Black "Ferreira Jr, Walter"]
[Result "1-0"]
[WhiteElo "1937"]
[BlackElo "1954"]
[PlyCount "29"]
[EventDate "2016.05.26"]
[EventType "swiss"]
[EventRounds "7"]
[EventCountry "BRA"]
[SourceTitle "EXT 2019"]
[Source "ChessBase"]
[SourceDate "2018.10.10"]
[SourceVersion "1"]
[SourceVersionDate "2018.10.10"]
[SourceQuality "1"]

1. d4 d5 2. c4 dxc4 3. Nc3 a6 4. a4 Nf6 5. e3 e6 6. Bxc4 c5 7. Nf3 cxd4 8. exd4 Be7 9. 0-0 0-0 10. Re1 Nc6 11. Bg5 b6 12. Qe2 Re8 13. Rad1 Bd7 14. Ne5 Nd5 15. Bxd5 1-0

[Event "BRA-ch Amateur U2000"]
[Site "Sao Paulo"]
[Date "2016.05.27"]
[Round "3"]
[White "Rapouso, Ricardo Luis Borba"]
[Black "Jenidarchiche, Douglas Rodrigo"]
[Result "1-0"]
[WhiteElo "1937"]
[BlackElo "1792"]
[PlyCount "99"]
[EventDate "2016.05.26"]
[EventType "swiss"]
[EventRounds "7"]
[EventCountry "BRA"]
[SourceTitle "EXT 2019"]
[Source "ChessBase"]
[SourceDate "2018.10.10"]
[SourceVersion "1"]
[SourceVersionDate "2018.10.10"]
[SourceQuality "1"]

1. d4 Nf6 2. c4 c5 3. d5 e6 4. Nc3 exd5 5. cxd5 d6 6. Nf3 g6 7. h3 Bg7 8. Bf4 a6 9. a4 0-0 10. e3 Nh5 11. Bh2 f5 12. Be2 f4 13. e4 Nd7 14. Nd2 Ne5 15. 0-0 Qg5 16. Kh1 Bd7 17. Nf3 Nxf3 18. Bxf3 Nf6 19. Qd2 Nh5 20. g4 Bxc3 21. bxc3 Ng7 22. Rg1 Qh4 23. c4 g5 24. Bg2 f3 25. Bf1 Rf6 26. e5 dxe5 27. Bxe5 Rf7 28. Rb1 Bxa4 29. Rb6 Rf4 30. Bxf4 gxf4 31. Rxb7 Re8 32. Qxf4 Rf8 33. Qe5 Ne8 34. Qh5 Qxh5 35. gxh5+ Kh8 36. Bd3 Nf6 37. Rgg7 Be8 38. h6 a5 39. Ra7 a4 40. Bc2 Bd7 41. Rgxd7 Nxd7 42. Rxd7 Ra8 43. Rxh7+ Kg8 44. Rg7+ Kh8 45. Rg1 a3 46. Kh2 Rb8 47. d6 Rd8 48. h7 a2 49. d7 Ra8 50. Rg8+ 1-0

[Event "Santa Catarina-ch sf1"]
[Site "Sao Bento do Sul"]
[Date "2016.03.06"]
[Round "5"]
[White "Kanzler, Karina Daniela Ferr"]
[Black "Rapouso, Ricardo Luis Borba"]
[Result "1-0"]
[WhiteElo "1824"]
[BlackElo "1942"]
[PlyCount "63"]
[EventDate "2016.03.04"]
[EventType "swiss"]
[EventRounds "6"]
[EventCountry "BRA"]
[SourceTitle "EXT 2018"]
[Source "ChessBase"]
[SourceDate "2017.10.13"]
[SourceVersion "1"]
[SourceVersionDate "2017.10.13"]
[SourceQuality "1"]

1. b3 e5 2. Bb2 Nc6 3. Nf3 e4 4. Nd4 Nf6 5. e3 Bd6 6. Nf5 0-0 7. Nxd6 cxd6 8. d3 d5 9. Nd2 Re8 10. Be2 d4 11. 0-0 d5 12. Bxd4 Nxd4 13. exd4 Qb6 14. dxe4 Nxe4 15. Nxe4 Rxe4 16. c3 Rh4 17. Qd2 Qg6 18. Bd3 Qh5 19. Qe3 Bg4 20. Rfe1 Rf8 21. Qg3 Be6 22. f3 Qh6 23. Re2 Rc8 24. Qd6 g5 25. g3 Rh3 26. Rc1 Qf6 27. Rf2 Rh6 28. f4 gxf4 29. Qxf4 Qg7 30. c4 Bh3 31. c5 Re8 32. Re2 1-0

[Event "Santa Catarina-ch sf1"]
[Site "Sao Bento do Sul"]
[Date "2016.03.06"]
[Round "6"]
[White "Rapouso, Ricardo Luis Borba"]
[Black "Campagnolo, Fabiola"]
[Result "1-0"]
[WhiteElo "1942"]
[BlackElo "1685"]
[PlyCount "41"]
[EventDate "2016.03.04"]
[EventType "swiss"]
[EventRounds "6"]
[EventCountry "BRA"]
[SourceTitle "EXT 2018"]
[Source "ChessBase"]
[SourceDate "2017.10.13"]
[SourceVersion "1"]
[SourceVersionDate "2017.10.13"]
[SourceQuality "1"]

1. d4 d5 2. c4 e6 3. Nc3 f5 4. e3 Nf6 5. Bd3 c6 6. f3 Bd6 7. Qc2 g6 8. Nge2 Qc7 9. Bd2 Nbd7 10. g3 dxc4 11. Bxc4 Nb6 12. Bd3 e5 13. Rc1 exd4 14. exd4 Be6 15. Nf4 Bd5 16. 0-0 Kd7 17. Bxf5+ Kd8 18. Ncxd5 Qf7 19. Ne6+ Ke8 20. Nxb6 axb6 21. Rfe1 1-0

[Event "Santa Catarina-ch sf1"]
[Site "Sao Bento do Sul"]
[Date "2016.03.05"]
[Round "4"]
[White "Rapouso, Ricardo Luis Borba"]
[Black "Volkmann, Andre Jordi"]
[Result "1-0"]
[WhiteElo "1942"]
[BlackElo "1728"]
[PlyCount "99"]
[EventDate "2016.03.04"]
[EventType "swiss"]
[EventRounds "6"]
[EventCountry "BRA"]
[SourceTitle "EXT 2018"]
[Source "ChessBase"]
[SourceDate "2017.10.13"]
[SourceVersion "1"]
[SourceVersionDate "2017.10.13"]
[SourceQuality "1"]

1. d4 d5 2. c4 e6 3. Nc3 c6 4. e3 Bd6 5. Bd3 Nf6 6. Nf3 Nbd7 7. 0-0 0-0 8. e4 dxe4 9. Nxe4 Nxe4 10. Bxe4 Qc7 11. Bc2 c5 12. Qd3 g6 13. Bh6 Rd8 14. Bg5 Re8 15. Rad1 Bf8 16. Rfe1 cxd4 17. Nxd4 a6 18. a3 b6 19. b4 Bg7 20. Nf3 Nf6 21. Qd6 Qxd6 22. Rxd6 Rb8 23. Red1 h6 24. Bf4 Bf8 25. Rd8 Rb7 26. Rxe8 Nxe8 27. Rd8 Bd7 28. Be4 Ra7 29. Bb8 Be7 30. Rxe8+ Bxe8 31. Bxa7 Bd8 32. c5 bxc5 33. bxc5 Be7 34. c6 Bxc6 35. Bxc6 Bxa3 36. Ne5 Kf8 37. Nc4 Bb4 38. Bb6 Ke7 39. Bb7 f6 40. Bxa6 e5 41. Kf1 Ke6 42. Bb7 f5 43. Ke2 e4 44. Bc6 g5 45. Bc7 h5 46. Ne3 f4 47. Nc2 Bc5 48. Bxe4 Kf6 49. f3 Ke6 50. h4 1-0

[Event "Pan American Amateur-ch"]
[Site "Curitiba"]
[Date "2015.12.16"]
[Round "1"]
[White "Rapouso, Ricardo Luis Borba"]
[Black "Mesquita, Arnaldo Leite"]
[Result "1-0"]
[WhiteElo "1967"]
[BlackElo "1706"]
[PlyCount "63"]
[EventDate "2015.12.16"]
[EventType "swiss"]
[EventRounds "9"]
[EventCountry "BRA"]
[SourceTitle "CBM 170 Extra"]
[Source "ChessBase"]
[SourceDate "2016.02.25"]
[SourceVersion "1"]
[SourceVersionDate "2016.02.25"]
[SourceQuality "1"]

1. d4 Nf6 2. c4 e6 3. a3 b6 4. Nc3 Bb7 5. d5 e5 6. e4 d6 7. Bd3 Be7 8. Nge2 0-0 9. 0-0 Bc8 10. Ng3 h6 11. b4 Nh7 12. a4 Bg5 13. Ba3 Bf4 14. c5 Nd7 15. cxd6 cxd6 16. Nf5 Nb8 17. g3 Bxf5 18. exf5 Bg5 19. Ne4 Nf6 20. Nc3 Ne8 21. Qe2 Qc8 22. Ne4 Be7 23. Rac1 Qb7 24. Rfd1 a6 25. b5 a5 26. f6 Nxf6 27. Nxf6+ Bxf6 28. Qe4 g6 29. Bxd6 Qd7 30. Bxf8 Kxf8 31. Qc4 Kg7 32. Qc8 1-0

[Event "Florianopolis Cordioli Memorial"]
[Site "Florianopolis"]
[Date "2015.07.04"]
[Round "4"]
[White "Pimenta, Elisandro da Silva"]
[Black "Rapouso, Ricardo Luis Borba"]
[Result "1/2-1/2"]
[WhiteElo "1790"]
[BlackElo "1946"]
[PlyCount "58"]
[EventDate "2015.07.03"]
[EventType "swiss"]
[EventRounds "7"]
[EventCountry "BRA"]
[SourceTitle "EXT 2016"]
[Source "ChessBase"]
[SourceDate "2015.10.08"]
[SourceVersion "1"]
[SourceVersionDate "2015.10.08"]
[SourceQuality "1"]

1. e4 c5 2. d4 cxd4 3. c3 d5 4. e5 Nc6 5. cxd4 g6 6. Nc3 Bg7 7. h3 f6 8. f4 Nh6 9. Nf3 Nf5 10. g4 Ng3 11. Rg1 Nxf1 12. Kxf1 0-0 13. Kg2 fxe5 14. fxe5 Be6 15. Be3 Qd7 16. Rf1 h5 17. Ng5 hxg4 18. hxg4 Bxg4 19. Qe1 e6 20. Qh4 Bh5 21. Ne2 Rxf1 22. Rxf1 Rf8 23. Nf4 Nxe5 24. dxe5 d4 25. Nxh5 Rxf1 26. Kxf1 Bxe5 27. Bxd4 Bxd4 28. Nf4 Bxb2 29. Ngxe6 Qd1+ 1/2-1/2

[Event "Florianopolis Cordioli Memorial"]
[Site "Florianopolis"]
[Date "2015.07.04"]
[Round "3"]
[White "Rapouso, Ricardo Luis Borba"]
[Black "Niehues, Luiz Cesar"]
[Result "1-0"]
[WhiteElo "1946"]
[BlackElo "1701"]
[PlyCount "81"]
[EventDate "2015.07.03"]
[EventType "swiss"]
[EventRounds "7"]
[EventCountry "BRA"]
[SourceTitle "EXT 2016"]
[Source "ChessBase"]
[SourceDate "2015.10.08"]
[SourceVersion "1"]
[SourceVersionDate "2015.10.08"]
[SourceQuality "1"]

1. d4 d5 2. c4 c6 3. Nc3 e6 4. e4 dxe4 5. Nxe4 Bb4+ 6. Bd2 Bxd2+ 7. Qxd2 Nf6 8. Nc3 0-0 9. Bd3 Nbd7 10. 0-0-0 Qc7 11. Nf3 b6 12. g4 Bb7 13. g5 Nh5 14. Rhg1 Qf4 15. Qxf4 Nxf4 16. Be4 Rac8 17. Ne5 Nxe5 18. dxe5 Rfd8 19. Rd6 Rxd6 20. exd6 Rd8 21. Rd1 Rd7 22. b4 Ng6 23. b5 Ne5 24. f4 Nxc4 25. bxc6 Bxc6 26. Bxc6 Rxd6 27. Rxd6 Nxd6 28. Nb5 Nxb5 29. Bxb5 Kf8 30. Kd2 Ke7 31. Ke3 Kd6 32. Ke4 f6 33. h4 h6 34. gxf6 gxf6 35. f5 e5 36. Kf3 Kd5 37. Kg4 Ke4 38. Bc6+ Kd3 39. Kh5 e4 40. Kxh6 e3 41. Kg6 1-0

[Event "Sao Bento do Sul op 4th"]
[Site "Sao Bento do Sul"]
[Date "2015.06.07"]
[Round "5"]
[White "Rapouso, Ricardo Luis Borba"]
[Black "Chemin, Justo Reinaldo"]
[Result "1/2-1/2"]
[WhiteElo "1946"]
[BlackElo "2104"]
[PlyCount "82"]
[EventDate "2015.06.05"]
[EventType "swiss"]
[EventRounds "6"]
[EventCountry "BRA"]
[SourceTitle "EXT 2017"]
[Source "ChessBase"]
[SourceDate "2016.10.25"]
[SourceVersion "1"]
[SourceVersionDate "2016.10.25"]
[SourceQuality "1"]

1. d4 d5 2. c4 e6 3. Nc3 Nf6 4. Nf3 Be7 5. Bg5 0-0 6. e3 h6 7. Bxf6 Bxf6 8. Bd3 dxc4 9. Bxc4 c5 10. 0-0 cxd4 11. Nxd4 Bd7 12. Ne4 Be7 13. Qh5 Nc6 14. Rfd1 Nxd4 15. Rxd4 Qc7 16. Rad1 Rad8 17. Nd6 Bxd6 18. Rxd6 Qxc4 19. Rxd7 Rxd7 20. Rxd7 Qxa2 21. Qe2 Qb1+ 22. Rd1 Qe4 23. Rd4 Qc6 24. Qd2 Rc8 25. Rd8+ Rxd8 26. Qxd8+ Kh7 27. Qd3+ Kg8 28. Qd8+ Kh7 29. Qd3+ g6 30. Qd2 Qd5 31. Qc1 b5 32. h3 Qe5 33. Qd2 a5 34. f4 Qc5 35. Kh2 a4 36. e4 Kg7 37. e5 Qd5 38. Qe3 Qb7 39. Qa3 Qd5 40. g3 g5 41. Qe7 Qf3 1/2-1/2

[Event "Tres Barras op"]
[Site "Tres Barras"]
[Date "2015.05.10"]
[Round "5"]
[White "Da Veiga, Osvaldo Rodrigues"]
[Black "Rapouso, Ricardo Luis Borba"]
[Result "0-1"]
[WhiteElo "1585"]
[BlackElo "1936"]
[PlyCount "50"]
[EventDate "2015.05.08"]
[EventType "swiss"]
[EventRounds "6"]
[EventCountry "BRA"]
[SourceTitle "EXT 2018"]
[Source "ChessBase"]
[SourceDate "2017.10.13"]
[SourceVersion "1"]
[SourceVersionDate "2017.10.13"]
[SourceQuality "1"]

1. e4 c5 2. Nf3 g6 3. d4 cxd4 4. Nxd4 Bg7 5. c4 Nf6 6. Nc3 Nc6 7. Nc2 0-0 8. Be2 d6 9. Be3 Nd7 10. Qd2 a5 11. 0-0 Nc5 12. f3 f5 13. exf5 gxf5 14. Rad1 Qe8 15. Bxc5 dxc5 16. Qd5+ Kh8 17. Qxc5 Qg6 18. Kh1 Rg8 19. Qf2 a4 20. a3 Be5 21. Rd2 Bf4 22. Rdd1 Qh6 23. Qg1 Rg5 24. h3 Rg3 25. Qf2 Be6 0-1